000 00956nmm a2200277 a 4500
001 ocm0001221599
003 TR-IsHL
005 20201028154823.0
008 131226s2010 tu tur
007 cr cn
035 _a1221599
_b(N$T)
050 0 4 _aG70.212
_b.K59 2010
090 0 4 _aG70.212
_b.K59 2010
100 1 _aKızılçaoğlu, Alaattin
245 1 0 _aCoğrafya egitiminde google earth
_h[electronic resource] /
_cAlaattin Kızılçaoğlu
260 _aBursa :
_bEzgi Kitabevi,
_c2010
300 _a80 p.
650 4 _aMühendislik ve Teknoloji
650 4 _aEngineering and Technology
650 0 _aGoogle Maps
650 0 _aGoogle Earth
650 0 _aCoğrafi bilgi sistemleri
650 0 _aGeographic information systems
650 7 _aTECHNOLOGY & ENGINEERING / Remote Sensing & Geographic Information Systems
_2bisacsh
856 4 0 _uhttp://search.ebscohost.com/login.aspx?direct=true&scope=site&db=e011xww&AN=1221599
999 _c12771
_d12771